Statistics for Beatles Lyrics with No Hints (4)

Click here to take the quiz!

General Stats

  • This quiz has been taken 147 times
  • The average score is 87 of 147

Answer Stats

Lyrics% Correct
I
97%
a
95%
You
93%
you
93%
me
85%
The
85%
the
85%
in
82%
to
81%
and
79%
your
78%
on
76%
so
75%
my
73%
*chorus*
70%
What
70%
is
69%
no
68%
can
67%
why
65%
for
63%
when
63%
of
62%
are
61%
like
61%
mind?
60%
see
60%
that
60%
goes
58%
girl
56%
as
55%
tell
55%
Tell
55%
It's
51%
day
50%
with
50%
heart?
48%
heart
48%
one
47%
saw
46%
time
46%
was
45%
were
45%
but
43%
him
42%
just
36%
think
35%
could
34%
other
34%
Did
32%
easy
32%
lie
31%
now
31%
treat
31%
apart
30%
tearing
30%
unkind
29%
feel
26%
walked
25%
along
24%
break
24%
mean
24%
road
24%
else
23%
met
23%
morning
23%
didn't
21%
someone
21%
waiting
20%
blind
19%
die?
19%
even
19%
same
19%
used
19%
watch
18%
future
16%
fold
15%
name
15%
tide
15%
turning
14%
tides
13%

Score Distribution

Percentile by Number Answered

Percent of People with Each Score

Your Score History

You have not taken this quiz